Top Grossing 'F' Movies Quiz Stats

 Plays Quiz Updated Jan 2, 2019

Challenge
Share
Tweet
Score 0/21 Timer 05:00
42 Plays Today
# Movie % Correct
$940.3mFinding Nemo
98.1%
$1,129.3mFrozen
97%
$363.2mFast and Furious
95.9%
$677.6mForrest Gump
95%
$1,028.6mFinding Dory
92.2%
$330.6mFantastic Four
89.4%
$626.1mFast Five
83.2%
$571.0mFifty Shades of Grey
82.7%
$341.6mThe Flintstones
81.4%
$289.0mFantastic Four: Rise of the Silver Surfer
76.4%
$1,236.0mThe Fate of the Furious
76.1%
# Movie % Correct
$381.0mFifty Shades Darker
74.6%
$1,516.0mFurious 7
73%
$788.7mFast & Furious 6
71.6%
$814.0mFantastic Beasts and Where to Find Them
70.7%
$371.4mFifty Shades Freed
68.3%
$368.9mThe Fugitive
61.8%
$307.2mThe Fault in Our Stars
59%
$628.5mFantastic Beasts: The Crimes of Grindelwald
50.2%
$320.1mFatal Attraction
42.8%
$270.2mThe Firm
31.7%

You're not logged in!

Compare scores with friends on all Sporcle quizzes.
OR
Log In

You Might Also Like...

Show Comments

Extras

Top Quizzes Today


Score Distribution

Your Account Isn't Verified!

In order to create a playlist on Sporcle, you need to verify the email address you used during registration. Go to your Sporcle Settings to finish the process.

Report this User

Report this user for behavior that violates our Community Guidelines.

Details: